| 000 | 00364cam a2200157ua 4500 | ||
|---|---|---|---|
| 041 |
_amal _h |
||
| 082 |
_a894.8127 _bVIK/KA |
||
| 100 | _aVikraman, . | ||
| 245 |
_aKanikanum Neram / _cVikraman. _hTextual Documents |
||
| 250 |
_a1 / _b. |
||
| 260 |
_a : _bC.I.C.C.Book House , _c1964. |
||
| 300 | _a105 ; . | ||
| 504 | _a | ||
| 942 | _cBK | ||
| 999 |
_c3781 _d3781 |
||